Whose child is this? (Record no. 18007)

000 -LEADER
fixed length control field 00938cam a2200289 a 4500
001 - CONTROL NUMBER
control field 4399000
003 - CONTROL NUMBER IDENTIFIER
control field OkBaRHE
005 - DATE AND TIME OF LATEST TRANSACTION
control field 20111130144714.0
008 - FIXED-LENGTH DATA ELEMENTS--GENERAL INFORMATION
fixed length control field 930504s1992 flua 000 0 eng
010 ## - LIBRARY OF CONGRESS CONTROL NUMBER
LC control number 92073343
020 ## - INTERNATIONAL STANDARD BOOK NUMBER
International Standard Book Number 0884193225
040 ## - CATALOGING SOURCE
Original cataloging agency DLC
Transcribing agency DLC
Modifying agency DLC
043 ## - GEOGRAPHIC AREA CODE
Geographic area code n-us-ny
050 00 - LIBRARY OF CONGRESS CALL NUMBER
Classification number BV639.C4
Item number W55 1992
082 00 - DEWEY DECIMAL CLASSIFICATION NUMBER
Classification number 259/.22/0974723
Edition number 20
100 1# - MAIN ENTRY--PERSONAL NAME
Personal name Wilson, Bill.
9 (RLIN) 1739
245 10 - TITLE STATEMENT
Title Whose child is this?
260 ## - PUBLICATION, DISTRIBUTION, ETC. (IMPRINT)
Place of publication, distribution, etc Altamonte Springs, FL :
Name of publisher, distributor, etc Creation House,
Date of publication, distribution, etc c1992.
300 ## - PHYSICAL DESCRIPTION
Extent 180 p. :
Other physical details ill. ;
Dimensions 24 cm.
600 10 - SUBJECT ADDED ENTRY--PERSONAL NAME
Personal name Wilson, Bill.
9 (RLIN) 1740
610 20 - SUBJECT ADDED ENTRY--CORPORATE NAME
Corporate name or jurisdiction name as entry element Metro Church (Brooklyn, New York, N.Y.)
9 (RLIN) 1741
650 #0 - SUBJECT ADDED ENTRY--TOPICAL TERM
Topical term or geographic name as entry element Church work with children
Geographic subdivision New York (State)
-- New York.
9 (RLIN) 1742
651 #0 - SUBJECT ADDED ENTRY--GEOGRAPHIC NAME
Geographic name Brooklyn (New York, N.Y.)
9 (RLIN) 1743
906 ## - LOCAL DATA ELEMENT F, LDF (RLIN)
a 7
b cbc
c orignew
d 3
e opcn
f 19
g y-gencatlg
942 ## - ADDED ENTRY ELEMENTS (KOHA)
Source of classification or shelving scheme
Koha item type Books
Copies
Damaged status Date last seen Price effective from Not for loan Source of classification or shelving scheme Copy number Lost status Koha item type Permanent Location Date acquired Barcode Shelving location Withdrawn status Full call number Current Location
 2011-11-302011-11-30  1 BooksRHEMA Bible Training College2011-11-3022348General Stacks BV 639 .C4 W55 1992RHEMA Bible Training College